| 000 | 01063nam a2200241Ii 4500 | ||
|---|---|---|---|
| 003 | JO-AjNU | ||
| 008 | 230605s9999||||xx |||||||||||||| ||und|| | ||
| 017 | _a2010/21390 | ||
| 020 | _a978-977-287-993-0 | ||
| 040 |
_aJO-AjNU _bara _erda _cJO-AjNU |
||
| 041 | _aara | ||
| 050 | 1 | 4 | _aQA76.2011 |
| 100 | 3 |
_a بسيوني، عبدالحميد, _eauthor _962363 |
|
| 245 | 0 | 0 | _aالحاسب واستخلاص المعرفة: استكشاف او تنقيب الآراء=Opinion Mining كيف يقوم الحاسب باستكشاف وتحليل الآراء؟ |
| 250 | _aالطبعة الاولى | ||
| 264 | 3 | 1 | _aالقاهرة: دار الكتب العلمية للنشر والتوزيع، 2011 |
| 300 |
_a223ص _b ويحتوي على قائمة مراجع من ص217-ص223 |
||
| 336 |
_atext _btxt _2rdacontent |
||
| 337 |
_aunmediated _bn _2rdamedia |
||
| 338 |
_avolume _bnc _2rdacarrier |
||
| 490 | 0 | _aالحوسبة الذكية في الادارة والاعمال | |
| 650 | 4 |
_aالحاسبات الالكترونية-الذكاء الصناعي _962364 |
|
| 999 |
_aA28236 _c31804 _d31804 |
||